000
00296nam a2200121Ia 4500
008
190902s9999||||xx |||||||||||||| ||und||
020
_a
0-07-099130-8
100
_a
Ruth Ashley
245
0
_a
GE-Basic Self Teaching Guide
260
_a
India
_b
The McGraw-Hill
_c
1991
300
_a
334
942
_c
BK
999
_c
2767
_d
2767